000 00399nam a2200145Ia 4500
008 100122s9999 xx 000 0 und d
082 _b16359
_a823
100 _aगोगटे शकुंतला
245 _aअभिमान
260 _bप्रपंच प्रकाशन
_c1970
300 _a85
630 _aअभिमान
730 _aअभिमान
942 _cBOOK
999 _c406313
_d406310